Регионална библиотека "Любен Каравелов" - Русе

Комплексно изучаване на производителните сили по икономически райони (Запис номер 454597)

MARC детайли
000 -Лидер
Контролно поле с фиксирана дължина 02022nam a2200385 c 4500
003 - Код на организацията, давaща контролен номер
Контролно поле BLK
005 - Дата и час на последна редакция
Контролно поле 20220503121251.0
008 - Елементи от данни с фиксирана дължина
fixed length control field 180410b bul|||||r ||||||| ||bul||
040 ## - Източник на каталожния запис
Идентификатор на билиотеката - собственик на записа BLK
041 ## - Код за език
Код за езика на текст/звукозапис или на отделно заглавие Български
Код за езика КДБФ Български
080 ## - УДК
Текстов определител УДК Икономическо положение. Икономическа политика. Управление. Планиране. Производство. Услуги. Цени
УДК код - определител по УДК 338
УДК определител (497.2)
УДК - код + определител 338(497.2)
100 ## - Редна дума - Автор
Автор Попов, Петър Николов
Авторска отговорност първи автор
R(LIN) 378482
139 ## - Редно поле
Редна дума Попов, Петър Николов
245 10 - Сведения за заглавието
Заглавие Комплексно изучаване на производителните сили по икономически райони
Подзаглавни данни Основни методол. и метод. въпроси
Редно поле (дума) Петър Николов Попов ; отг. ред. Иван Захариев
257 ## - Страна на издаване
Страна на създаване/издаване България
260 ## - Област на издателските данни
Име на издателя, разпространителя и проч. БАН
Година на издаване 1964
Място на издаване, разпространение и проч. София
300 ## - Физическа характеристика
Страници 140 с.
Илюстрации и др. с ил.
Размери/Мащаб 20 см
380 ## - Жанр
Жанр Обществени науки
500 ## - Общи забележки
Забележка Изд. на БАН. Комисия по изучаване на производ. сили<br/>600 тир.<br/>С библиогр. на с.124-129<br/>Рез. на рус. и нем. ез.
650 #4 - Допълнително описание по предмет – тема
Основно описание – тема или топоним България - стопанско райониране
9 (RLIN) 318938
651 #4 - Допълнително описание по предмет - топоним
Географско понятие България
9 (RLIN) 241624
653 ## - Ключова дума – ненормативна
Ключова дума икономика
653 ## - Ключова дума – ненормативна
Ключова дума стопанство
653 ## - Ключова дума – ненормативна
Ключова дума райони
653 ## - Ключова дума – ненормативна
Ключова дума България
700 1# - Други автори (авторска отговорност)
Лично име Захариев, Иван
Автороска отговорност (Описва отношението между автора и произведението) отг. ред.
9 (RLIN) 364386
852 ## - Местоположение
Форматна сигнатура Цб 31484
856 4# - Електронен адрес и достъп
Електронен формат pdf - файл
856 4# - Електронен адрес и достъп
Електронен формат pdf - файл
999 ## - СИСТЕМНИ КОНТРОЛНИ НОМЕРА
Koha biblionumber 454597
Koha biblioitemnumber 454597
942 ## - АРТИКУЛИ
Вид на библиотечния материал Книги
Скрит в OPAC Не
Периодичен библиозапис Да
944 ## - СЪЗДАВАНЕ И РЕДАКЦИЯ на ЗАПИСА
Създаване/Редакция Създаване
Дата на регистрацията/редакция 2022-05-03
Служител, извършил регистрацията/редакцията нр
Наличности
Код за отписване Код за изгубен артикул Източник на класификационната схема Код за повреда Коз за рестрикции Код за отдаване Артикулен № Име на библиотеката - собственик Име на библиотеката, в която се намира в момента Статус (Текущо местоположение) Дата на вписване в системата Местоположение - отдел Цена в лева Инвентарен номер Систематично азбучна сигнатура Баркод Цена в евро Служебен тип на артикула
  Не е изгубен Universal Decimal Classification Не е повреден само за читалня ползва се в читалня 883082 Регионална библиотека "Любен Каравелов" Русе Регионална библиотека "Любен Каравелов" Русе Хранилище 2022-05-09 Хранилище 1.01 15393/64 Цб 31484 900000094275 0.52 Книги
Vip Innovations Ltd, Rousse, Bulgaria 2025